La tiranía del mercado. El auge del neoliberalismo en Chile.

Saved in:
書目詳細資料
主要作者: Cristi, Renato (Author)
格式: 未知
語言:英语
出版: Santiago, Chile. LOM ediciones, 2021
版:Primera edición
叢編:Filosofía política / Ciencias Sociales y Humanas
主題:
標簽: 添加標簽
沒有標簽, 成為第一個標記此記錄!

MARC

LEADER 00000 a2200000 4500
003 CL-VaPUC
005 20211122155310.0
008 211014b2021 ||||| |||| 00| 0 eng d
999 |c 433691  |d 433689 
020 |a 978-956-00-1430-6 
040 |c Pontificia Universidad Católica de Valparaíso 
082 |a 330.983 CRI 2021 
100 |a Cristi, Renato  |9 321005  |e author 
245 1 3 |a La tiranía del mercado.   |b El auge del neoliberalismo en Chile. 
250 |a Primera edición  
260 |a Santiago, Chile.  |b LOM ediciones,  |c 2021 
300 |a 267 páginas  
440 |a Filosofía política /   |9 863450  |p Ciencias Sociales y Humanas 
583 |k Cristina María Rojas Aguilar  |c 20211014 
650 0 |a Neoliberalismo  |9 330090  |x Aspectos económicos  |z Chile 
942 |2 ddc  |c BK 
952 |0 0  |1 0  |2 ddc  |4 0  |6 330_983000000000000_CRI_2021  |7 0  |8 A  |9 579000  |a BIBHIS  |b BIBHIS  |d 2021-10-14  |e 147  |g 14446.00  |i 5589207  |o 330.983 CRI 2021  |p 5589207  |r 2025-01-20  |t 1  |v 14446.00  |w 2021-10-14  |y BK  |k HIS